00658nam a2200157Ia 4500008004100000100002000041245010900061245008800170260005300258260000900311300001200320650001500332856006100347999001900408952007300427170221s9999 xx 000 0 und d aBahtiar Mohamad aCorporate Identity Management (CIM) in Malaysian Higher Education Sector: Developing a Conceptual Model  cBahtiar Mohamad, Hassan Abu Bakar, Ahmed Rageh Ismail, Haslina Halim, Rosmiza Bidin bInternational Review of Management and Marketing c2016 a15 : 16 xMarketing. uhttp://www.econjournals.com/index.php/irmm/issue/view/91 c311965d311965 001040aCLbCLd2017-02-21l0r2017-02-21 00:00:00w2017-02-21yFOJ